|
|
|
|
| LEADER |
00000cam a2200000 7i4500 |
| 001 |
0000038993 |
| 005 |
20150709.0 |
| 008 |
131204 |
| 020 |
|
|
|a 8186830928
|
| 090 |
0 |
0 |
|a 428.2
|b THO
|
| 100 |
1 |
|
|a Thomson, Roger
|
| 245 |
1 |
0 |
|a Common errors in English
|c Roger Thomson
|
| 260 |
|
|
|a New Delhi :
|b Pentagon Press ,
|c 2007
|
| 650 |
|
0 |
|a English language
|x Errors of usage
|
| 650 |
|
0 |
|a English language
|x Grammar
|
| 650 |
|
0 |
|a English language
|x Usage
|
| 999 |
|
|
|a 0000892776
|b Book
|c Adult Collection
|e Cawangan Segamat
|
| 999 |
|
|
|a 0001257136
|b Book
|c Adult Collection
|e Perbadanan Perpustakaan Awam Johor
|